000 00696nam a22001935i 4500
001 172801
003 ES-MaACL
005 20250831061534.0
008 090909s1935 sp |||| | spa d
245 0 0 _aRégimen de admisión temporal de productos.
260 _aMadrid :
_b[s.n.],
_c1935 (
_fImpr. del Ministerio de Estado)
300 _a31 p. ;
_c24 cm.
490 1 _aPublicaciones del Ministerio de Estado. Serie G. Comercio exterior Año 1935 ;
_v3
500 _aLa cubierta sirve de portada.
710 1 _aEspaña.
_bMinisterio de Estado.
_93866
830 0 0 _aPublicaciones del Ministerio de Estado
_v3
_9189119
852 _aES-MaACL
_j2300-F-18
999 _c172801
_d172801